书目信息 |
| 题名: |
手机软件测试最佳实践
|
|
| 作者: | 宋光照 , 傅江如 , 刘世军 编著 | |
| 分册: | ||
| 出版信息: | 北京 电子工业出版社 2009 |
|
| 页数: | 18,360页 | |
| 开本: | 24cm | |
| 丛书名: | 测试实践丛书 | |
| 单 册: | ||
| 中图分类: | TN929.53 , TP311.56 | |
| 科图分类: | ||
| 主题词: | 移动电话机--软件工具--测试 , 移动电话机 , 软件工具 | |
| 电子资源: | ||
| ISBN: | 978-7-121-08287-0 | |
| 000 | 01128oam2 2200349 450 | |
| 001 | 100428599535 | |
| 005 | 20110225082148.96 | |
| 010 | @a978-7-121-08287-0@dCNY49.00 | |
| 035 | @a004228649 | |
| 100 | @a20090730d2009 em y0chiy0110 ea | |
| 101 | 0 | @achi |
| 102 | @aCN@b110000 | |
| 105 | @ay z 000yy | |
| 106 | @ar | |
| 200 | 1 | @a手机软件测试最佳实践@9shou ji ruan jian ce shi zui jia shi jian@f宋光照,傅江如,刘世军编著 |
| 210 | @a北京@c电子工业出版社@d2009 | |
| 215 | @a18,360页@d24cm | |
| 225 | 2 | @a测试实践丛书 |
| 300 | @a51 testing 软件测试网作品系列 | |
| 304 | @a51Testing软件测试网组编 | |
| 330 | @a本书从实际应用角度出发,以智能终端和3G业务规划为基础,系统地介绍了手机软件测试的各个主要方面。 | |
| 461 | 0 | @12001 @a测试实践丛书 |
| 606 | 0 | @a移动电话机@x软件工具@x测试 |
| 606 | 0 | @a移动电话机 |
| 606 | 0 | @a软件工具 |
| 690 | @aTN929.53@v4 | |
| 690 | @aTP311.56@v4 | |
| 701 | 0 | @a宋光照@9song guang zhao@4编著 |
| 701 | 0 | @a傅江如@9fu jiang ru@4编著 |
| 701 | 0 | @a刘世军@9liu shi jun@c(软件测试)@4编著 |
| 801 | 0 | @aCN@bNLC@c20110225 |
| 905 | @b205998492-526@h599849-52@dTN929.53@e63@f4 | |
| 手机软件测试最佳实践/宋光照,傅江如,刘世军编著.-北京:电子工业出版社,2009 |
| 18,360页;24cm.-(测试实践丛书) |
| 51 testing 软件测试网作品系列 |
| ISBN 978-7-121-08287-0:CNY49.00 |
| 本书从实际应用角度出发,以智能终端和3G业务规划为基础,系统地介绍了手机软件测试的各个主要方面。 |
| ● |
| 相关链接 |
|
|
|
|
正题名:手机软件测试最佳实践
索取号:TN929.53/63
 
预约/预借
| 序号 | 登录号 | 条形码 | 馆藏地/架位号 | 状态 | 备注 |
| 1 | 599849 | 205998492 | 第二样本阅览室/ [索取号:TN929.53/63] | 在馆 | |
| 2 | 599850 | 205998508 | 计算机科学系资料室/ [索取号:TN929.53/63] | 在馆 | |
| 3 | 599851 | 205998517 | 第三借阅区/ [索取号:TN929.53/63] | 在馆 | |
| 4 | 599852 | 205998526 | 第三借阅区/ [索取号:TN929.53/63] | 在馆 |